000 01879nam a2200421 a 4500
001 00007560
003 DO-SdBNP
005 20180314095944.0
007 00007560
008 150130s2009 dr abc 000 0 spa d
010 _a000021118
020 _a9789945170948
040 _aBPMSU
_bspa
_cBPMSU
092 _a372.83
_bD632c 5to. 2009
100 1 _aDobarro, Clara
245 1 0 _aCiencias sociales 5 :
_b[eduación básica ] /
_cClara Dobarro ; dirección editorial Diana París, Luis Miguel Aguas Vanin
250 _a2a ed.
260 _aSanto Domingo :
_bSM
_c2009.
300 _a167 p. :
_bil., mapa. retrs. ;
_c28 cm. +
_eCD-ROM
490 1 _aProyecto saber más
490 1 _aEducación en valores
505 1 _gLa isla de Santo Domingo y la región del Caribe
_tSanto Domingo y Caribe --
_tLos continentes --
_tCivilizaciones antiguas --
_tLa evolución de Europa y África --
_tEl viaje de Colón y sus consecuencias --
_tLa colonización de América --
_tLa organización del territorio americano --
_tLa isla de Santo Domingo en los siglos XVII y XVIII --
_tLas migraciones y la población dominicana --
650 4 _aCIENCIAS SOCIALES
_xENSEÑANZA BÁSICA
650 4 _aCIENCIAS SOCIALES
_xEDUCACIÓN PRIMARIA
650 4 _aCIENCIAS SOCIALES
_xLIBROS DE TEXTOS
650 4 _aCIENCIAS SOCIALES
_xESTUDIOS Y EJERCICIOS
650 4 _aEDUCACIÓN PRIMARIA
_zREPÚBLICA DOMINICANA
700 1 2 _aParis, Diana,
_eed.
700 1 2 _aAguas Vanin, Luis Miguel,
_eed.
830 _aProyecto saber más ;
_peducación en valores
910 _aValidado. Control de calidad MFF
942 _2ddc
_cBK
945 _aRemanejado para la BNPHU, 2018 / BT
956 _aLOPEREZ
_b10
_c20100831
_lBND01
_h1753
956 _aMFILETO
_b10
_c20150528
_lBND01
_h0927
956 _aVMATEO
_b10
_c20150827
_lBPMSU
_h00151
956 _aLOPEREZ
_b10
_c20160331
_lBPMSU
_h00260
999 _c8239
_d8239